Statistiques concernant 170 films cultes

Cliquez ici pour prendre le quiz!

Statistiques générales

  • Ce quiz a été pris 68 fois
  • Le résultat moyen est 28 sur 170

Statistiques - réponses

HintRéponse% Correct
8Pulp fiction
72%
121Titanic
70%
131Harry Potter
63%
7Star Wars
61%
57Forrest Gump
56%
34Le seigneur des anneaux
56%
26Le parrain
53%
50Inception
45%
42La ligne verte
45%
155Terminator
42%
14Fight club
38%
86Le silence des agneaux
38%
167Rocky
38%
5Interstellar
36%
43Retour vers le futur
36%
62Scarface
36%
60Seven
36%
3La liste de Schindler
34%
115Les dents de la mer
34%
53Kill Bill
33%
27Shining
33%
56Le loup de Wall Street
31%
116Léon
31%
94Matrix
31%
30Taxi driver
31%
44Alien
30%
88Apocalypse now
30%
33Gladiator
30%
113Indiana Jones
30%
40Les évadés
30%
20La la land
28%
84Le bon, la brute et le truand
28%
143Pirates des caraïbes
28%
12Shutter island
28%
68The Truman show
28%
129Dirty dancing
27%
11The dark knight
27%
134Mission impossible
25%
103Orange mécanique
25%
77Psychose
25%
38Usual suspects
25%
70Django unchained
23%
119Il faut sauver le soldat Ryan
23%
147Le cinquième élément
23%
18Les affranchis
23%
23Parasite
23%
133Top gun
23%
100Drive
22%
31Dune
22%
128Ghost
22%
19Il était une fois dans l'ouest
22%
6Oppenheimer
22%
25Reservoir dogs
22%
55Blade runner
20%
140Pretty woman
20%
7912 hommes en colère
19%
106American psycho
19%
15Joker
19%
35Once upon a time in Hollywood
19%
492001, l'odyssée de l'espace
17%
166Fenêtre sur cour
17%
95Les infiltrés
17%
92Le sixième sens
17%
132Maman, j'ai raté l'avion
17%
21Memento
17%
61Scream
17%
64The Grand Budapest hotel
17%
108Vol au-dessus d'un nid de coucou
17%
156300
16%
63American history X
16%
29Il était une fois en Amérique
16%
52Inglourious basterds
16%
99Le cercle des poètes disparus
16%
154L'exorciste
16%
36Mad max
16%
136Million dollar baby
16%
162Sueurs froides
16%
141The mask
16%
41Will Hunting
16%
142Edward aux mains d'argent
14%
120E.T. l'extraterrestre
14%
114Full metal jacket
14%
78Heat
14%
87Le prestige
14%
126Predator
14%
97The social network
14%
91Mulholland drive
13%
160Slumdog millionnaire
13%
98The game
13%
32Arrête-moi si tu peux
11%
83Black swan
11%
74Braveheart
11%
45Donnie Darko
11%
58La haine
11%
170L'armée des 12 singes
11%
122Lawrence d'Arabie
11%
107Le pianiste
11%
76No country for old men
11%
110Rain man
11%
4Requiem for a dream
11%
2Whiplash
11%
124American beauty
9%
117Babylon
9%
66Elephant man
9%
37Eternal sunshine of the spotless mind
9%
16Fury
9%
82Old boy
9%
24Saw
9%
139Thelma et Louise
9%
135Casino royale
8%
165Fargo
8%
158La mort aux trousses
8%
54Prisoners
8%
47The Irishman
8%
9Zodiac
8%
14912 years a slave
6%
13Baby driver
6%
59Da Vinci code
6%
164Gone girl
6%
153Le Mans 66
6%
65L'étrange histoire de Benjamin Button
6%
112Ocean's eleven
6%
168Roméo + Juliette
6%
67The thing
6%
104A la recherche du bonheur
5%
28Blade runner 2049
5%
17Everything everywhere all at once
5%
22Get out
5%
159Green Book
5%
130Gremlins
5%
125Le labyrinthe de Pan
5%
111Lost in translation
5%
137Rencontre avec Joe Black
5%
127S.O.S. fantômes
5%
85The big lebowski
5%
138The big short
5%
150The imitation game
5%
146The machinist
5%
73There will be blood
5%
1Trainspotting
5%
96Chinatown
3%
161Collatéral
3%
39Hérédité
3%
145La guerre des mondes
3%
163Mystic river
3%
10Premier contact
3%
152Sleepy Hollow
3%
118Stand by me
3%
148Un homme d'exception
3%
89Dumb and Dumber
2%
151Gilbert Grape
2%
75L.A. confidential
2%
80Le garçon au pyjama rayé
2%
101Légendes d'automne
2%
144Les autres
2%
72Nightcrawler
2%
109Paris, Texas
2%
51Peur primale
2%
71Sept ans au Tibet
2%
69The father
2%
123True romance
2%
169Basketball diaries
0%
102Before sunrise
0%
105La cité de Dieu
0%
93Memories of murder
0%
48Requiem pour un massacre
0%
46Scott Pilgrim
0%
90The lighthouse
0%
81The nice guys
0%
157Une jounée en enfer
0%

Distribution des résultats

Percentile par nombre de réponses

% des personnes avec chaque résultat

Votre développement - résultats

Vous n’avez pas pris ce quiz